| 000 | 00607nam a22001937a 4500 | ||
|---|---|---|---|
| 003 | OSt | ||
| 005 | 20240530110334.0 | ||
| 008 | 140811s ua g 000 0 ara d | ||
| 020 | _a9770408611 | ||
| 040 | _cEG-Cagpl | ||
| 082 |
_221 _a370.15 _bج م |
||
| 100 | 0 | 1 | _aجابر عبدالحميد جابر |
| 245 | 0 | 0 |
_aمهارات طالب الجامعة / _cجابر عبدالحميد جابر |
| 300 |
_a575 ص ؛ _c24 سم |
||
| 650 | 0 | 7 | _aالامتحانات |
| 650 | 0 | 7 |
_aالرياضيات _xتعليم وتدريس |
| 650 | 0 | 7 |
_aالحاسب الالى _xتعليم وتدريس |
| 942 |
_2ddc _cBK |
||
| 999 |
_c59756 _d59756 |
||